00485nam a2200181Ia 4500003000900000008004100009040001300050040001300063041000800076100002000084245014100104250001000245260001200255260000900267300001100276300001000287490000600297IT-RoPAU120407s9999 xx 000 0 und d aIT-RoPAU cIT-RoPAU afra aGerhard Lohfink aLa conversion de S. Paul. Démonstration de la méthode récente des sciences bibliques à propos des textes. (Actes, 9, 1-19, ecc.) aParis aDu Cerf c1967 a138 p. c18 cm v1